Black's law dictionary: Definitions of the terms and phrases of American and English jurisprudence, ancient and modern (6th edition) (Record no. 35975)

MARC details
000 -LEADER
fixed length control field 00700nam a2200169 a 4500
008 - FIXED-LENGTH DATA ELEMENTS--GENERAL INFORMATION
fixed length control field 210330s1990 ||||||||||||||||| || u
020 ## - INTERNATIONAL STANDARD BOOK NUMBER
International Standard Book Number 031476271X
050 ## - LIBRARY OF CONGRESS CALL NUMBER
Classification number K 13 Bla
100 ## - MAIN ENTRY--PERSONAL NAME
Personal name Black, Henry Campbell
245 10 - TITLE STATEMENT
Title Black's law dictionary: Definitions of the terms and phrases of American and English jurisprudence, ancient and modern (6th edition)
Statement of responsibility, etc. By Henry Campbell Black
250 ## - EDITION STATEMENT
Edition statement 6th edition
260 ## - PUBLICATION, DISTRIBUTION, ETC.
Place of publication, distribution, etc. St. Paul
Name of publisher, distributor, etc. West Publishing Co
Date of publication, distribution, etc. 1990
300 ## - PHYSICAL DESCRIPTION
Extent xiv, 1657 pages
650 ## - SUBJECT ADDED ENTRY--TOPICAL TERM
Topical term or geographic name entry element LAW--DICTIONARIES
650 ## - SUBJECT ADDED ENTRY--TOPICAL TERM
Topical term or geographic name entry element LAW--UNITED STATES--DICTIONARIES
995 ## - RECOMMENDATION 995 [LOCAL, UNIMARC FRANCE]
-- CBU-MAIN LIBRARY (Kitwe)
-- 1
-- REFERENCE
-- Apr 1, 2021
-- Reference Collection
Holdings
Withdrawn status Lost status Source of classification or shelving scheme Damaged status Not for loan Home library Current library Shelving location Date acquired Total Checkouts Full call number Barcode Date last seen Price effective from Koha item type
          CBU-MAIN LIBRARY, KITWE. CBU-MAIN LIBRARY, KITWE.   11/30/2022   K 13 Bla 750929 11/30/2022 11/30/2022 MONOGRAPH